Авторы XXI века. [2018, 2: Июнь (Запись № 11931468)

Подробности
000 -МАРКЕР
контрольное поле 01701nam2a2200325 4500
001 - ИДЕНТИФИКАТОР ЗАПИСИ
контрольное поле RU\NLR\BIBL_A\011814207
005 - ИДЕНТИФИКАТОР ВЕРСИИ
контрольное поле 20181022103246.0
010 ## - МЕЖДУНАРОДНЫЙ СТАНДАРТНЫЙ НОМЕР КНИГИ (ISBN)
Номер (ISBN) 978-5-6041519-6-9
021 ## - НОМЕР ГОСУДАРСТВЕННОЙ РЕГИСТРАЦИИ
Код страны Российская Федерация
Номер КН-П-18-065803
Номер Листа государственной регистраци КН-П-18-4739
035 ## - ДРУГИЕ СИСТЕМНЫЕ НОМЕРА
Идентификатор записи (NLR Aleph) 011814207
035 ## - ДРУГИЕ СИСТЕМНЫЕ НОМЕРА
Идентификатор записи (RuMoRGB)009735902
100 ## - ДАННЫЕ ОБЩЕЙ ОБРАБОТКИ
Данные общей обработки 20181008d2018 u y0rusy50 ca
101 0# - ЯЗЫК РЕСУРСА
Язык текста, звукозаписи и т.д. русский
102 ## - СТРАНА ПУБЛИКАЦИИ ИЛИ ПРОИЗВОДСТВА
Страна публикации Российская Федерация
105 ## - ПОЛЕ КОДИРОВАННЫХ ДАННЫХ: ТЕКСТОВЫЕ МАТЕРИАЛЫ, МОНОГРАФИЧЕСКИЕ
Кодированные данные о монографическом текстовом документе y z 000gy
200 1# - ЗАГЛАВИЕ И СВЕДЕНИЯ ОБ ОТВЕТСТВЕННОСТИ
Основное заглавие Июнь
Первые сведения об ответственности составитель: Эдуард Малыкин]
210 ## - ПУБЛИКАЦИЯ, РАСПРОСТРАНЕНИЕ И ДР.
Дата издания, распространения и т.д. 2018
215 ## - ФИЗИЧЕСКАЯ ХАРАКТЕРИСТИКА
Специфическое обозначение материала и объем 131 с.
300 ## - ОБЩИЕ ПРИМЕЧАНИЯ
Текст примечания Общ. подзаг.: Стихи и проза
327 0# - ПРИМЕЧАНИЯ О СОДЕРЖАНИИ
Текст примечания Содерж.: авт.: стихи: Дмитрий Грибинюков, Павел Сомов-Заламский, Алена Канаева, Мариана Карелина, Тина Сухановская, Виктория Айрапетян, Ирина Краева, Аскольд Снежин [и др.]; проза: Татьяна Конюхова, Елена Бакулина
461 #0 - УРОВЕНЬ НАБОРА
Встроенное поле 001RU\NLR\BIBL_A\011779769
-- 2001#$aАвторы XXI века$e[проза и стихи$eсборник$fсоставитель: Яна Малыкина]$v[2018, 2
Системный номер (АБИС) связанной записи 11770231
Место публикации [Б. м.]
Дата публикации 2018
Первые сведения об ответственности составитель: Яна Малыкина]
Имя издателя, распространителя и т.д. Издательский проект ЛитКульта
Сведения, относящиеся к заглавию [проза и стихи : сборник
Заглавие Авторы XXI века
Номер тома [2018, 2
686 2# - ИНДЕКСЫ ДРУГИХ КЛАССИФИКАЦИЙ
Индекс Ш6(2=Р)8я43
702 #1 - ИМЯ ЛИЦА - ВТОРИЧНАЯ ОТВЕТСТВЕННОСТЬ
Начальный элемент ввода Малыкин
Часть имени, кроме начального элемента ввода Э. Г.
Даты 1984-
Расширение инициалов личного имени Эдуард Григорьевич
Код отношения Составитель
852 ## - МЕСТОНАХОЖДЕНИЕ И ШИФР ХРАНЕНИЯ
Идентификатор организации NLR
Шифр хранения (Call Number) 2018-3/18293
942 ## - ДОПОЛНИТЕЛЬНЫЕ ЭЛЕМЕНТЫ ЗАПИСИ (АБИС)
Тип экземпляра АБИС Книга
980 ## - КОЛЛЕКЦИЯ
Название коллекции Национальная библиография
Экземпляры
Тип экземпляра Дата поступления Источник поступления Библиотека постоянного хранения Библиотека текущего хранения Место хранения Шифр хранения Штрих-код Статус экземпляра
Книга 08.10.2018 Обязательный экземпляр РНБ (Московский) РНБ (Московский) Русский книжный фонд: издания с 1957 года 2018-3/18293 1-2478069  
Книга 08.10.2018 Обязательный экземпляр РНБ (Московский) РНБ (Московский) Русский книжный фонд: издания с 1957 года 2018-3/18293 1-2478076